00797 2200229 4500001002100000005001700021008004100038035002500079040001200104082001400116084001900130100001700149245017600166260005200342300003100394500003400425504002800459650002500487700002500512850001200537990001800549INLIS00000000001065520150819160003.0  a0010-081500000002093 aYOPDYOG 223a658.3 aSK 658.3 Ani A aANITA Rahman aAnalisis pengaruh penghargaan intrinsik dan ekstrinsik terhadap kepuasan kerja pesawatb: (Studi kasus pada RS Grhasia Propinsi Daerah Istimewa Yogyakarta)c/ Anita Rahman aYogyakartabSTAIN Surakarta-SEM institutec2005 axiii, 91 lembarc; 29,5 cm aSkripsi Jurusan EKonomi Islam aBibliografi: hlm. 90-91 aManajemen Pendidikan aAWAN Kostrad Diharjo aYOPDYOG a48579-PD/A.15